00347nam a2200121Ia 4500008004100000245008600041260001700127260000900144300000800153650002300161650001200184856002900196170516s9999 xx 000 0 und d aBioluminescence Imaging of Stem Cell-Based Therapeutics for Vascular Regeneration bTheranostics c2012 a2:4 xMedical Technology xMedtech uhttp://www.thno.org/v2i4